000 00850nam a2200253Ia 4500
003 OSt
005 20220918171408.0
006 a|||||r|||| 00| 0
007 ta
008 220917b |||||||| |||| 00| 0 eng d
020 _a9781611490145 (hbk)
_c2736.29
024 _a261,315
037 _b129/2011-12, 14/11/2011, Pioneer Book Distributors
_cTextual
040 _aARTS
_cARTS
_beng
041 _2eng
_aeng
082 _aO111:g(V2), Q1
100 _aSapra Rahul
_936325
245 0 _aLimits of orientalism
_b Seventeenth century representations of India
260 _aNewark
_bUniversity of Delaware Press
_c2011
300 _a219p.
_ccm.
650 _aENGLISH LITERATURE; CRITICISM
_912992
942 _hO111:g(V2), Q1
_cTEXL
_2CC
999 _c139383
_d139383